[Event "XIV American Continental-ch 2019"]
[Site "Sao Paulo"]
[Date "2019.07.07"]
[Round "3.7"]
[White "Fernandez Reyes, Lisandro"]
[Black "Supi, Luis Paulo"]
[Result "0-1"]
[WhiteElo "2378"]
[BlackElo "2562"]
[Annotator "ChessBase"]
[PlyCount "90"]
[EventDate "2019.07.05"]
[EventType "swiss"]
[EventCountry "BRA"]
[SourceTitle "playchess.com"]
[Source "ChessBase"]
[SourceQuality "1"]
[TimeControl "40/5400+30:1800+30"]

1. Nf3 {[%emt 0:00:00]} Nf6 {[%emt 0:00:10]} 2. b3 {[%emt 0:00:12]} d5 {[%emt 0:02:25]} 3. Bb2 {[%emt 0:00:22]} Bg4 {[%emt 0:01:10]} 4. e3 {[%emt 0:01:03]} Nbd7 {[%emt 0:00:43]} 5. h3 {[%emt 0:01:28]} Bh5 {[%emt 0:02:48]} 6. c4 {[%emt 0:01:53]} e6 {[%emt 0:00:32]} 7. Nc3 {[%emt 0:01:53]} c6 {[%emt 0:01:38]} 8. Be2 {[%emt 0:05:42]} Bc5 {[%emt 0:10:49]} 9. g4 {[%emt 0:06:31]} Bg6 {[%emt 0:00:19]} 10. g5 {[%emt 0:00:28]} Ne4 {[%emt 0:01:29]} 11. h4 {[%emt 0:02:43]} O-O {[%emt 0:06:18]} 12. a3 {[%emt 0:13:32]} Bd6 {[%emt 0:10:29]} 13. cxd5 {[%emt 0:13:56]} Nxc3 {[%emt 0:11:55]} 14. Bxc3 {[%emt 0:00:27]} cxd5 {[%emt 0:00:24]} 15. h5 {[%emt 0:08:05]} Be4 {[%emt 0:01:23]} 16. Rg1 {[%emt 0:02:00]} Rc8 {[%emt 0:07:04]} 17. Bb5 {[%emt 0:20:23]} Bxf3 {[%emt 0:17:02]} 18. Qxf3 {[%emt 0:00:31]} Ne5 {[%emt 0:00:22]} 19. Qe2 {[%emt 0:01:35]} Qb6 {[%emt 0:06:30]} 20. Bd4 {[%emt 0:02:41]} Qc7 {[%emt 0:00:18]} 21. f4 {[%emt 0:00:15]} Nc6 {[%emt 0:00:05]} 22. Bb2 {[%emt 0:01:41]} d4 {[%emt 0:02:36]} 23. Bxc6 {[%emt 0:01:02]} bxc6 {[%emt 0:00:15]} 24. Bxd4 {[%emt 0:01:26]} e5 {[%emt 0:00:27]} 25. Bb2 {[%emt 0:00:51]} exf4 {[%emt 0:00:37]} 26. g6 {[%emt 0:03:17]} Be5 {[%emt 0:03:01]} 27. d4 {[%emt 0:00:07]} Bf6 {[%emt 0:00:16]} 28. e4 {[%emt 0:01:15]} fxg6 {[%emt 0:01:30]} 29. O-O-O {[%emt 0:01:09]} f3 {[%emt 0:05:06]} 30. Qc4+ {[%emt 0:00:04]} Kh8 {[%emt 0:00:04]} 31. e5 {[%emt 0:01:21]} f2 {[%emt 0:00:22]} 32. exf6 {[%emt 0:01:55]} fxg1=Q {[%emt 0:01:11]} 33. fxg7+ {[%emt 0:00:48]} Kxg7 {[%emt 0:01:01]} 34. Rxg1 {[%emt 0:01:33]} Qf4+ {[%emt 0:00:11]} 35. Kb1 {[%emt 0:00:41]} Qe4+ {[%emt 0:00:29]} 36. Ka2 {[%emt 0:01:15]} Qd5 {[%emt 0:00:09]} 37. hxg6 {[%emt 0:00:41]} hxg6 {[%emt 0:02:12]} 38. Qd3 {[%emt 0:01:58]} Rf6 {[%emt 0:00:22]} 39. Rg3 {[%emt 0:00:23]} Re8 {[%emt 0:01:31]} 40. Qa6 {[%emt 0:00:38]} Re7 {[%emt 0:02:52]} 41. a4 {[%emt 0:05:56]} Rf2 {[%emt 0:05:29]} 42. Qd3 {[%emt 0:00:37]} Re6 {[%emt 0:00:59]} 43. Ka3 {[%emt 0:02:08]} Qd6+ {[%emt 0:02:20]} 44. b4 {[%emt 0:00:34]} Ree2 {[%emt 0:02:09]} 45. Bc1 {[%emt 0:02:50]} a5 {[%emt 0:01:24]} 0-1

[Event "XIV American Continental-ch 2019"]
[Site "Sao Paulo"]
[Date "2019.07.07"]
[Round "3.8"]
[White "Perez Ponsa, Federico"]
[Black "Duran Vega, Sergio"]
[Result "1-0"]
[WhiteElo "2560"]
[BlackElo "2364"]
[Annotator "ChessBase"]
[PlyCount "91"]
[EventDate "2019.07.05"]
[EventType "swiss"]
[EventCountry "BRA"]
[SourceTitle "playchess.com"]
[Source "ChessBase"]
[SourceQuality "1"]
[TimeControl "40/5400+30:1800+30"]

1. e4 {[%emt 0:00:00]} e5 {[%emt 0:05:50]} 2. Bc4 {[%emt 0:00:00]} Nf6 {[%emt 0:00:29]} 3. d3 {[%emt 0:00:00]} Bc5 {[%emt 0:00:39]} 4. Nf3 {[%emt 0:00:47]} Nc6 {[%emt 0:00:09]} 5. c3 {[%emt 0:03:01]} O-O {[%emt 0:01:07]} 6. Nbd2 {[%emt 0:00:14]} d5 {[%emt 0:02:30]} 7. exd5 {[%emt 0:00:46]} Nxd5 {[%emt 0:00:05]} 8. Ne4 {[%emt 0:00:19]} Bb6 {[%emt 0:17:01]} 9. O-O {[%emt 0:02:47]} a6 {[%emt 0:12:55]} 10. Re1 {[%emt 0:09:21]} Kh8 {[%emt 0:13:26]} 11. Ng3 {[%emt 0:09:28]} f6 {[%emt 0:02:09]} 12. Bd2 {[%emt 0:11:18]} Qd6 {[%emt 0:04:43]} 13. b4 {[%emt 0:01:58]} Be6 {[%emt 0:02:48]} 14. Ne4 {[%emt 0:05:09]} Qd7 {[%emt 0:02:41]} 15. a4 {[%emt 0:04:33]} a5 {[%emt 0:07:42]} 16. b5 {[%emt 0:02:20]} Nce7 {[%emt 0:00:14]} 17. d4 {[%emt 0:01:25]} exd4 {[%emt 0:02:57]} 18. cxd4 {[%emt 0:02:02]} Bg4 {[%emt 0:09:42]} 19. Nc5 {[%emt 0:03:03]} Bxc5 {[%emt 0:01:24]} 20. dxc5 {[%emt 0:00:06]} Qf5 {[%emt 0:01:49]} 21. Nd4 {[%emt 0:04:36]} Qd7 {[%emt 0:03:46]} 22. Qb3 {[%emt 0:03:29]} c6 {[%emt 0:00:07]} 23. Qg3 {[%emt 0:02:26]} Ng6 {[%emt 0:02:42]} 24. Re4 {[%emt 0:10:13]} f5 {[%emt 0:01:55]} 25. Re6 {[%emt 0:01:02]} f4 {[%emt 0:02:52]} 26. Qxg4 {[%emt 0:00:10]} Nf6 {[%emt 0:00:24]} 27. Qe2 {[%emt 0:03:50]} Qxd4 {[%emt 0:00:01]} 28. Rc1 {[%emt 0:00:15]} Qxc5 {[%emt 0:01:09]} 29. bxc6 {[%emt 0:01:26]} bxc6 {[%emt 0:00:07]} 30. Bb5 {[%emt 0:03:26]} Qg5 {[%emt 0:00:19]} 31. Bxc6 {[%emt 0:01:14]} Rac8 {[%emt 0:00:23]} 32. Re1 {[%emt 0:03:06]} Nh4 {[%emt 0:00:53]} 33. Qe5 {[%emt 0:01:42]} Qxe5 {[%emt 0:00:43]} 34. R1xe5 {[%emt 0:00:02]} Rfd8 {[%emt 0:00:33]} 35. Bxa5 {[%emt 0:00:22]} Rd1+ {[%emt 0:00:43]} 36. Re1 {[%emt 0:00:02]} Rxe1+ {[%emt 0:00:17]} 37. Bxe1 {[%emt 0:00:02]} Nf5 {[%emt 0:00:28]} 38. Bf3 {[%emt 0:04:07]} Nd4 {[%emt 0:00:21]} 39. Rd6 {[%emt 0:00:17]} Nxf3+ {[%emt 0:00:51]} 40. gxf3 {[%emt 0:00:02]} Kg8 {[%emt 0:00:23]} 41. Bd2 {[%emt 0:33:19]} Rc4 {[%emt 0:12:47]} 42. a5 {[%emt 0:00:00]} Kf7 {[%emt 0:00:51]} 43. a6 {[%emt 0:00:00]} Ra4 {[%emt 0:00:54]} 44. Rb6 {[%emt 0:00:00]} Kg6 {[%emt 0:08:55]} 45. Bc3 {[%emt 0:00:00]} Kf5 {[%emt 0:00:51]} 46. Rb5+ {[%emt 0:00:00]} 1-0

[Event "XIV American Continental-ch 2019"]
[Site "Sao Paulo"]
[Date "2019.07.07"]
[Round "3.9"]
[White "Gemy, Jose Daniel"]
[Black "Fier, Alexandr"]
[Result "0-1"]
[WhiteElo "2371"]
[BlackElo "2547"]
[Annotator "ChessBase"]
[PlyCount "82"]
[EventDate "2019.07.05"]
[EventType "swiss"]
[EventCountry "BRA"]
[SourceTitle "playchess.com"]
[Source "ChessBase"]
[SourceQuality "1"]
[TimeControl "40/5400+30:1800+30"]

1. Nf3 {[%emt 0:05:58]} c5 {[%emt 0:00:00]} 2. g3 {[%emt 0:00:15]} Nc6 {[%emt 0:00:00]} 3. Bg2 {[%emt 0:00:12]} g6 {[%emt 0:02:05]} 4. O-O {[%emt 0:03:04]} Bg7 {[%emt 0:00:04]} 5. d3 {[%emt 0:00:04]} d5 {[%emt 0:01:49]} 6. c3 {[%emt 0:01:11]} Nf6 {[%emt 0:01:03]} 7. Qa4 {[%emt 0:02:07]} O-O {[%emt 0:03:33]} 8. Qh4 {[%emt 0:00:20]} e5 {[%emt 0:04:21]} 9. Bg5 {[%emt 0:07:49]} Qd6 {[%emt 0:00:22]} 10. Nbd2 {[%emt 0:15:07]} Nd7 {[%emt 0:07:03]} 11. Bh6 {[%emt 0:02:48]} f6 {[%emt 0:02:41]} 12. e4 {[%emt 0:04:17]} d4 {[%emt 0:00:30]} 13. Nc4 {[%emt 0:03:47]} Qe7 {[%emt 0:00:32]} 14. a4 {[%emt 0:00:16]} Nb6 {[%emt 0:02:51]} 15. Nxb6 {[%emt 0:24:06]} axb6 {[%emt 0:00:08]} 16. Bh3 {[%emt 0:00:20]} Bd7 {[%emt 0:12:31]} 17. Bxd7 {[%emt 0:06:03]} Qxd7 {[%emt 0:00:04]} 18. Rfd1 {[%emt 0:00:32]} Nd8 {[%emt 0:06:25]} 19. cxd4 {[%emt 0:12:53]} cxd4 {[%emt 0:00:18]} 20. b3 {[%emt 0:00:08]} Nf7 {[%emt 0:05:34]} 21. Bd2 {[%emt 0:05:31]} Qe6 {[%emt 0:02:11]} 22. Rab1 {[%emt 0:00:10]} h6 {[%emt 0:07:22]} 23. Kg2 {[%emt 0:01:04]} f5 {[%emt 0:00:09]} 24. Qh3 {[%emt 0:00:49]} Qf6 {[%emt 0:00:12]} 25. exf5 {[%emt 0:01:57]} gxf5 {[%emt 0:00:05]} 26. Bb4 {[%emt 0:00:14]} e4 {[%emt 0:01:14]} 27. Nd2 {[%emt 0:01:08]} Ng5 {[%emt 0:03:19]} 28. Qh4 {[%emt 0:00:39]} Rf7 {[%emt 0:00:16]} 29. Re1 {[%emt 0:00:44]} Re8 {[%emt 0:05:11]} 30. f4 {[%emt 0:00:39]} e3 {[%emt 0:00:56]} 31. fxg5 {[%emt 0:00:16]} hxg5 {[%emt 0:00:03]} 32. Qh5 {[%emt 0:00:11]} g4 {[%emt 0:17:02]} 33. Nc4 {[%emt 0:00:01]} Bf8 {[%emt 0:00:05]} 34. Bxf8 {[%emt 0:00:23]} Rexf8 {[%emt 0:00:01]} 35. Qh4 {[%emt 0:01:27]} Qxh4 {[%emt 0:01:21]} 36. gxh4 {[%emt 0:00:00]} f4 {[%emt 0:00:01]} 37. Kf1 {[%emt 0:01:21]} Rh7 {[%emt 0:00:49]} 38. Ne5 {[%emt 0:00:28]} Rxh4 {[%emt 0:00:10]} 39. Ng6 {[%emt 0:00:17]} Rxh2 {[%emt 0:00:03]} 40. Kg1 {[%emt 0:00:14]} g3 {[%emt 0:00:04]} 41. Nxf8 {[%emt 0:06:48]} f3 {[%emt 0:00:05]} 0-1

[Event "XIV American Continental-ch 2019"]
[Site "Sao Paulo"]
[Date "2019.07.07"]
[Round "3.10"]
[White "Gonzalez Vidal, Yuri"]
[Black "Mieles Palau, Daniel"]
[Result "1-0"]
[WhiteElo "2547"]
[BlackElo "2359"]
[Annotator "ChessBase"]
[PlyCount "73"]
[EventDate "2019.07.05"]
[EventType "swiss"]
[EventCountry "BRA"]
[SourceTitle "playchess.com"]
[Source "ChessBase"]
[SourceQuality "1"]
[TimeControl "40/5400+30:1800+30"]

1. e4 c5 2. Nf3 Nc6 3. Bb5 g6 4. Bxc6 dxc6 5. d3 {[%emt 0:00:35]} Bg7 {[%emt 0:01:40]} 6. h3 {[%emt 0:00:20]} b6 {[%emt 0:06:40]} 7. O-O {[%emt 0:01:43]} Qc7 {[%emt 0:01:29]} 8. Nc3 {[%emt 0:10:27]} e5 {[%emt 0:01:38]} 9. Be3 {[%emt 0:02:55]} Ne7 {[%emt 0:06:36]} 10. a3 {[%emt 0:08:12]} a5 {[%emt 0:02:07]} 11. Na4 {[%emt 0:00:55]} f5 {[%emt 0:04:49]} 12. b4 {[%emt 0:12:54]} f4 {[%emt 0:07:02]} 13. Bd2 {[%emt 0:00:08]} cxb4 {[%emt 0:08:50]} 14. axb4 {[%emt 0:00:27]} axb4 {[%emt 0:00:30]} 15. Bxb4 {[%emt 0:00:29]} c5 {[%emt 0:00:19]} 16. Bd2 {[%emt 0:00:25]} Bd7 {[%emt 0:28:08]} 17. Nc3 {[%emt 0:05:50]} O-O {[%emt 0:00:05]} 18. Qb1 {[%emt 0:00:32]} Rxa1 {[%emt 0:00:32]} 19. Qxa1 {[%emt 0:00:26]} h6 {[%emt 0:00:48]} 20. Rb1 {[%emt 0:02:21]} Kh7 {[%emt 0:12:05]} 21. Nb5 {[%emt 0:15:16]} Qc6 {[%emt 0:02:25]} 22. c4 {[%emt 0:09:07]} g5 {[%emt 0:06:00]} 23. Nxe5 {[%emt 0:01:40]} Qe6 {[%emt 0:00:55]} 24. Bc3 {[%emt 0:10:16]} Bxe5 {[%emt 0:01:14]} 25. Bxe5 {[%emt 0:00:02]} Ng6 {[%emt 0:00:13]} 26. Bg7 {[%emt 0:02:09]} Rc8 {[%emt 0:02:41]} 27. f3 {[%emt 0:05:22]} h5 {[%emt 0:02:46]} 28. Bc3 {[%emt 0:03:05]} Nh4 {[%emt 0:00:35]} 29. Qb2 {[%emt 0:01:05]} g4 {[%emt 0:01:19]} 30. Qf2 {[%emt 0:03:02]} Qe7 {[%emt 0:00:32]} 31. fxg4 {[%emt 0:01:10]} Rf8 {[%emt 0:00:39]} 32. Be1 {[%emt 0:00:52]} Ng6 {[%emt 0:00:05]} 33. gxh5 {[%emt 0:00:48]} Ne5 {[%emt 0:00:14]} 34. Bc3 {[%emt 0:01:03]} Rg8 {[%emt 0:00:23]} 35. Qxf4 {[%emt 0:01:03]} Nxd3 {[%emt 0:01:55]} 36. Qf3 {[%emt 0:00:50]} Qg5 {[%emt 0:02:09]} 37. Rd1 {[%emt 0:00:46]} 1-0

[Event "XIV American Continental-ch 2019"]
[Site "Sao Paulo"]
[Date "2019.07.07"]
[Round "3.11"]
[White "Santos, Marcus Vinicius More"]
[Black "Mekhitarian, Krikor Sevag"]
[Result "1/2-1/2"]
[WhiteElo "2354"]
[BlackElo "2545"]
[Annotator "ChessBase"]
[PlyCount "72"]
[EventDate "2019.07.05"]
[EventType "swiss"]
[EventCountry "BRA"]
[SourceTitle "playchess.com"]
[Source "ChessBase"]
[SourceQuality "1"]
[TimeControl "40/5400+30:1800+30"]

1. d4 {[%emt 0:00:49]} Nf6 {[%emt 0:00:00]} 2. c4 {[%emt 0:00:11]} e6 {[%emt 0:00:00]} 3. Nc3 {[%emt 0:00:28]} Bb4 {[%emt 0:00:00]} 4. e3 {[%emt 0:00:14]} O-O {[%emt 0:00:00]} 5. Nge2 {[%emt 0:00:16]} Re8 {[%emt 0:00:08]} 6. a3 {[%emt 0:00:26]} Bf8 {[%emt 0:00:03]} 7. Ng3 {[%emt 0:00:26]} d5 {[%emt 0:00:06]} 8. Be2 {[%emt 0:00:15]} b6 {[%emt 0:00:29]} 9. cxd5 {[%emt 0:00:24]} exd5 {[%emt 0:00:02]} 10. O-O {[%emt 0:00:14]} g6 {[%emt 0:00:26]} 11. Bf3 {[%emt 0:06:37]} Bb7 {[%emt 0:00:32]} 12. b4 {[%emt 0:00:43]} h5 {[%emt 0:07:45]} 13. Qc2 {[%emt 0:09:02]} a6 {[%emt 0:21:12]} 14. Bb2 {[%emt 0:03:39]} Nbd7 {[%emt 0:04:23]} 15. Nge2 {[%emt 0:17:07]} Ne4 {[%emt 0:08:31]} 16. Nf4 {[%emt 0:02:47]} Ndf6 {[%emt 0:00:41]} 17. Nd3 {[%emt 0:05:29]} Bd6 {[%emt 0:11:48]} 18. Ne5 {[%emt 0:05:41]} Qe7 {[%emt 0:05:30]} 19. Be2 {[%emt 0:06:42]} c5 {[%emt 0:12:40]} 20. bxc5 {[%emt 0:04:26]} bxc5 {[%emt 0:00:02]} 21. Nxe4 {[%emt 0:02:03]} Nxe4 {[%emt 0:00:16]} 22. f3 {[%emt 0:06:02]} Nf6 {[%emt 0:00:19]} 23. Qd2 {[%emt 0:07:39]} Rac8 {[%emt 0:03:21]} 24. Bd3 {[%emt 0:04:46]} c4 {[%emt 0:00:32]} 25. Bb1 {[%emt 0:00:08]} Qe6 {[%emt 0:06:30]} 26. Bc3 {[%emt 0:01:49]} Nd7 {[%emt 0:04:14]} 27. f4 {[%emt 0:02:55]} f5 {[%emt 0:00:29]} 28. Rf3 {[%emt 0:02:03]} Nxe5 {[%emt 0:02:05]} 29. fxe5 {[%emt 0:00:24]} Be7 {[%emt 0:00:18]} 30. Bc2 {[%emt 0:01:02]} Bc6 {[%emt 0:02:10]} 31. a4 {[%emt 0:03:36]} Rf8 {[%emt 0:00:45]} 32. Raf1 {[%emt 0:01:41]} Rf7 {[%emt 0:01:34]} 33. Rb1 {[%emt 0:01:04]} Rff8 {[%emt 0:05:15]} 34. Rb6 {[%emt 0:00:51]} Ra8 {[%emt 0:00:01]} 35. Rf1 {[%emt 0:03:02]} Bd8 {[%emt 0:02:15]} 36. Rb2 {[%emt 0:00:42]} a5 {[%emt 0:02:10]} 1/2-1/2

[Event "XIV American Continental-ch 2019"]
[Site "Sao Paulo"]
[Date "2019.07.07"]
[Round "3.12"]
[White "Rodi, Luis Ernesto"]
[Black "Garcia Pantoja, Roberto"]
[Result "1/2-1/2"]
[WhiteElo "2343"]
[BlackElo "2529"]
[Annotator "ChessBase"]
[PlyCount "43"]
[EventDate "2019.07.05"]
[EventType "swiss"]
[EventCountry "BRA"]
[SourceTitle "playchess.com"]
[Source "ChessBase"]
[SourceQuality "1"]
[TimeControl "40/5400+30:1800+30"]

1. e4 {[%emt 0:04:17]} c5 {[%emt 0:00:00]} 2. Nf3 {[%emt 0:00:06]} d6 {[%emt 0:00:00]} 3. d4 {[%emt 0:00:21]} cxd4 {[%emt 0:00:05]} 4. Nxd4 {[%emt 0:00:04]} Nf6 {[%emt 0:00:07]} 5. Nc3 {[%emt 0:00:04]} a6 {[%emt 0:00:03]} 6. Be3 {[%emt 0:00:06]} e5 {[%emt 0:01:27]} 7. Nb3 {[%emt 0:00:07]} Be6 {[%emt 0:00:12]} 8. f3 {[%emt 0:00:05]} Be7 {[%emt 0:00:08]} 9. Qd2 {[%emt 0:00:07]} O-O {[%emt 0:00:09]} 10. O-O-O {[%emt 0:00:06]} Nbd7 {[%emt 0:00:03]} 11. g4 {[%emt 0:00:11]} b5 {[%emt 0:00:03]} 12. g5 {[%emt 0:00:42]} Nh5 {[%emt 0:00:52]} 13. Kb1 {[%emt 0:01:05]} Nb6 {[%emt 0:07:28]} 14. Na5 {[%emt 0:02:07]} Qc7 {[%emt 0:04:14]} 15. Nd5 {[%emt 0:01:20]} Nxd5 {[%emt 0:00:41]} 16. exd5 {[%emt 0:00:03]} Bxd5 {[%emt 0:07:56]} 17. Qxd5 {[%emt 0:00:08]} Qxa5 {[%emt 0:00:03]} 18. Bd3 {[%emt 0:00:09]} Qc7 {[%emt 0:04:43]} 19. c4 {[%emt 0:03:55]} bxc4 {[%emt 0:06:17]} 20. Bxc4 {[%emt 0:00:31]} g6 {[%emt 0:05:53]} 21. Rc1 {[%emt 0:01:21]} Qd7 {[%emt 0:05:18]} 22. Bd3 {[%emt 0:00:48]} 1/2-1/2

[Event "XIV American Continental-ch 2019"]
[Site "Sao Paulo"]
[Date "2019.07.07"]
[Round "3.13"]
[White "Krysa, Leandro"]
[Black "Rangel, Daniel"]
[Result "1-0"]
[WhiteElo "2517"]
[BlackElo "2325"]
[Annotator "ChessBase"]
[PlyCount "87"]
[EventDate "2019.07.05"]
[EventType "swiss"]
[EventCountry "BRA"]
[SourceTitle "playchess.com"]
[Source "ChessBase"]
[SourceQuality "1"]
[TimeControl "40/5400+30:1800+30"]

1. d4 {[%emt 0:00:02]} d5 {[%emt 0:00:00]} 2. c4 {[%emt 0:00:06]} c6 {[%emt 0:00:00]} 3. Nf3 {[%emt 0:00:09]} Nf6 {[%emt 0:00:00]} 4. Nc3 {[%emt 0:00:05]} a6 {[%emt 0:00:00]} 5. c5 {[%emt 0:01:21]} g6 {[%emt 0:01:06]} 6. g3 {[%emt 0:00:32]} Bg7 {[%emt 0:00:04]} 7. Bg2 {[%emt 0:00:04]} O-O {[%emt 0:00:16]} 8. O-O {[%emt 0:00:14]} Nbd7 {[%emt 0:01:54]} 9. Qc2 {[%emt 0:00:20]} Re8 {[%emt 0:01:58]} 10. Rd1 {[%emt 0:00:05]} b6 {[%emt 0:12:17]} 11. cxb6 {[%emt 0:01:13]} Qxb6 {[%emt 0:00:02]} 12. Bf4 {[%emt 0:14:49]} Bb7 {[%emt 0:07:58]} 13. Ne5 {[%emt 0:08:30]} Nxe5 {[%emt 0:18:00]} 14. Bxe5 {[%emt 0:00:23]} Nd7 {[%emt 0:01:23]} 15. Bxg7 {[%emt 0:06:20]} Kxg7 {[%emt 0:01:30]} 16. Rac1 {[%emt 0:00:39]} e6 {[%emt 0:07:20]} 17. Na4 {[%emt 0:09:39]} Qa7 {[%emt 0:04:36]} 18. e4 {[%emt 0:07:29]} Rab8 19. Qd2 Ba8 {[%emt 0:11:01]} 20. b3 {[%emt 0:12:15]} Kg8 {[%emt 0:14:54]} 21. h4 {[%emt 0:07:22]} e5 {[%emt 0:01:55]} 22. dxe5 {[%emt 0:07:17]} Nxe5 {[%emt 0:00:06]} 23. Qd4 {[%emt 0:04:23]} Qe7 {[%emt 0:00:30]} 24. Nc5 {[%emt 0:03:24]} dxe4 {[%emt 0:06:57]} 25. Qxe4 {[%emt 0:01:59]} Rbd8 {[%emt 0:00:21]} 26. Rxd8 {[%emt 0:02:07]} Qxd8 {[%emt 0:00:02]} 27. Qc2 {[%emt 0:02:30]} a5 {[%emt 0:02:20]} 28. Rd1 {[%emt 0:00:19]} Qf6 {[%emt 0:04:22]} 29. Qc3 {[%emt 0:01:17]} Ng4 {[%emt 0:00:05]} 30. Qxf6 {[%emt 0:02:48]} Nxf6 {[%emt 0:00:01]} 31. Kf1 {[%emt 0:02:26]} Nd5 {[%emt 0:01:52]} 32. Rc1 {[%emt 0:01:58]} Rb8 {[%emt 0:02:02]} 33. Ke2 {[%emt 0:01:01]} Re8+ {[%emt 0:00:10]} 34. Kf1 {[%emt 0:00:51]} Rb8 {[%emt 0:00:01]} 35. Rc4 {[%emt 0:01:24]} Rb4 {[%emt 0:00:06]} 36. Bxd5 {[%emt 0:00:22]} cxd5 {[%emt 0:00:21]} 37. Rxb4 {[%emt 0:00:03]} axb4 {[%emt 0:00:02]} 38. Nd3 {[%emt 0:00:13]} Kf8 {[%emt 0:00:16]} 39. Ke2 {[%emt 0:00:26]} Ke7 {[%emt 0:00:01]} 40. Ke3 {[%emt 0:00:30]} Kd6 {[%emt 0:00:21]} 41. Kd4 {[%emt 0:30:35]} Bb7 {[%emt 0:30:07]} 42. Nxb4 {[%emt 0:00:12]} h5 {[%emt 0:01:28]} 43. a4 {[%emt 0:00:41]} Bc8 {[%emt 0:00:45]} 44. a5 {[%emt 0:00:35]} 1-0

[Event "XIV American Continental-ch 2019"]
[Site "Sao Paulo"]
[Date "2019.07.07"]
[Round "3.14"]
[White "Aranha Filho, Alvaro Z."]
[Black "Barbosa, Evandro Amorim"]
[Result "1/2-1/2"]
[WhiteElo "2320"]
[BlackElo "2506"]
[Annotator "RC"]
[PlyCount "141"]
[EventDate "2019.07.05"]
[EventType "swiss"]
[EventCountry "BRA"]
[SourceTitle "playchess.com"]
[Source "ChessBase"]
[SourceQuality "1"]
[TimeControl "40/5400+30:1800+30"]

1. d4 {[%emt 0:01:04]} Nf6 {[%emt 0:00:00]} 2. Nf3 {[%emt 0:00:13]} e6 {[%emt 0:00:08]} 3. c4 {[%emt 0:00:24]} c5 {[%emt 0:00:28]} 4. d5 {[%emt 0:01:49]} exd5 {[%emt 0:00:10]} 5. cxd5 {[%emt 0:00:07]} d6 {[%emt 0:00:04]} 6. Nc3 {[%emt 0:00:09]} g6 {[%emt 0:00:15]} 7. g3 {[%emt 0:01:14]} Bg7 {[%emt 0:00:29]} 8. Bg2 {[%emt 0:00:06]} O-O {[%emt 0:00:07]} 9. O-O {[%emt 0:00:03]} Nbd7 {[%emt 0:00:25]} 10. Bf4 {[%emt 0:00:19]} Qe7 {[%emt 0:00:57]} 11. Re1 {[%emt 0:02:26]} h6 {[%emt 0:04:23]} 12. h3 {[%emt 0:16:03]} g5 {[%emt 0:03:00]} 13. Bc1 {[%emt 0:01:53]} g4 {[%emt 0:20:03]} 14. hxg4 {[%emt 0:06:50]} Nxg4 {[%emt 0:00:09]} 15. Bf4 {[%emt 0:00:40]} Nde5 {[%emt 0:01:51]} 16. Qc2 {[%emt 0:04:56]} Ng6 {[%emt 0:07:13]} 17. e3 {[%emt 0:09:16]} a6 {[%emt 0:03:43]} 18. a4 {[%emt 0:02:37]} b6 {[%emt 0:01:04]} 19. Bf1 {[%emt 0:01:33]} Re8 {[%emt 0:02:05]} 20. Bd3 {[%emt 0:11:50]} N6e5 {[%emt 0:02:15]} 21. Bxe5 {[%emt 0:05:48]} Nxe5 {[%emt 0:01:45]} 22. Nxe5 {[%emt 0:00:10]} Qxe5 {[%emt 0:00:12]} 23. f4 {[%emt 0:00:53]} Qf6 {[%emt 0:06:49]} 24. Kf2 {[%emt 0:03:24]} Bd7 {[%emt 0:01:11]} 25. Rab1 {[%emt 0:06:25]} Reb8 {[%emt 0:08:52]} 26. Qe2 {[%emt 0:11:29]} b5 {[%emt 0:04:57]} 27. axb5 {[%emt 0:05:40]} axb5 {[%emt 0:00:16]} 28. Nxb5 {[%emt 0:00:16]} Bxb5 {[%emt 0:01:39]} 29. Bxb5 {[%emt 0:00:02]} Ra2 {[%emt 0:01:38]} 30. Kf3 {[%emt 0:03:29]} Qg6 {[%emt 0:09:27]} 31. g4 {[%emt 0:03:28]} f5 {[%emt 0:01:43]} 32. gxf5 {[%emt 0:00:15]} Qxf5 {[%emt 0:00:16]} 33. Kg3 {[%emt 0:00:48]} Kh8 {[%emt 0:10:10]} 34. Bd3 {[%emt 0:00:29]} Qf7 {[%emt 0:00:08]} 35. Qf3 {[%emt 0:00:48]} Rg8 36. Kh3 {[%emt 0:00:22]} Qd7+ {[%emt 0:02:44]} 37. Kh2 {[%emt 0:00:18]} Bxb2 {[%emt 0:05:13]} 38. Re2 {[%emt 0:00:22]} Qg7 {[%emt 0:00:04]} 39. Bc4 {[%emt 0:00:53]} Ra4 {[%emt 0:00:30]} 40. Rexb2 {[%emt 0:00:38]} Rxc4 {[%emt 0:00:11]} 41. Rg2 {[%emt 0:03:15]} Qf7 {[%emt 0:04:57]} 42. Rxg8+ {[%emt 0:06:00]} Qxg8 {[%emt 0:02:21]} 43. Rb2 {[%emt 0:02:35]} Rc1 {[%emt 0:06:29]} 44. Rg2 {[%emt 0:02:42]} Qf7 {[%emt 0:00:21]} 45. f5 {[%emt 0:07:29]} Qf6 {[%emt 0:18:36]} 46. Qg3 {[%emt 0:02:47]} Qf8 {[%emt 0:00:08]} 47. Qf4 {[%emt 0:01:58]} Qf6 {[%emt 0:00:59]} 48. Qg3 {[%emt 0:02:09]} Qf8 {[%emt 0:00:06]} 49. Qh4 {[%emt 0:01:00]} Ra1 {[%emt 0:01:51]} 50. Rg6 {[%emt 0:01:53]} Kh7 {[%emt 0:00:32]} 51. Qf4 {[%emt 0:01:22]} Ra6 {[%emt 0:01:21]} 52. Qg4 {[%emt 0:02:14]} Qf7 {[%emt 0:00:47]} 53. Qh5 {[%emt 0:00:39]} Qf8 {[%emt 0:00:21]} 54. f6 {[%emt 0:00:33]} Ra7 {[%emt 0:00:12]} 55. Qf5 {[%emt 0:00:10]} Kh8 {[%emt 0:00:17]} 56. Qf4 {[%emt 0:01:05]} Kh7 {[%emt 0:00:31]} 57. Qf5 {[%emt 0:00:24]} Kh8 {[%emt 0:00:02]} 58. Rg2 {[%emt 0:00:30]} Rf7 {[%emt 0:00:35]} 59. Rf2 {[%emt 0:00:11]} Qg8 {[%emt 0:00:31]} 60. Qh5 {[%emt 0:00:44]} Kh7 {[%emt 0:01:41]} 61. Rg2 {[%emt 0:00:46]} Qf8 {[%emt 0:00:27]} 62. Qf5+ {[%emt 0:00:28]} Kh8 {[%emt 0:00:08]} 63. Rf2 {[%emt 0:00:20]} Qg8 {[%emt 0:00:23]} 64. e4 {[%emt 0:00:43]} Qg5 {[%emt 0:01:01]} 65. Qxg5 {[%emt 0:00:22]} hxg5 {[%emt 0:00:05]} 66. Rf5 {[%emt 0:00:36]} Kh7 {[%emt 0:00:06]} 67. Rxg5 {[%emt 0:00:26]} Rxf6 {[%emt 0:00:06]} 68. e5 {[%emt 0:00:15]} dxe5 {[%emt 0:00:06]} 69. Rxe5 {[%emt 0:00:12]} Kg6 {[%emt 0:00:24]} 70. d6 {[%emt 0:00:13]} Rxd6 {[%emt 0:00:04]} 71. Rxc5 1/2-1/2